| 000 | 00000nam##2200000za#4500 |
| 001 | 9.574786 |
| 003 | CaOODSP |
| 005 | 20210624184343 |
| 007 | cr ||||||||||| |
| 008 | 150406|2007||||xxc|||||o f|0| 0 eng|d |
| 040 | |aCaOODSP|beng |
| 043 | |an-cn--- |
| 086 | 1 |aT41-1/51E-PDF |
| 110 | 1 |aCanada. |bTransport Canada. |
| 245 | 10|aTax mechanisms to promote sustainable transportation |h[electronic resource] |
| 260 | |aOttawa - Ontario : |bTransport Canada |cOctober 2007. |
| 300 | |a5p. |
| 490 | 1 |aCase studies in sustainable transportation |vCase study 51 |
| 500 | |aAt head of title: Urban Transportation Showcase Program. |
| 590 | |a12-36-Supp|b2012-08-22 |
| 775 | 08|tMécanismes fiscaux pour favoriser le transport durable |w(CaOODSP)9.604516 |
| 830 | #0|aCase studies in sustainable transportation ;|vCase study 51|w(CaOODSP)9.506851 |
| 856 | 40|ahttp://publications.gc.ca|qPDF|s61 KB|uhttps://publications.gc.ca/collections/collection_2012/tc/T41-1-51-eng.pdf|yCase study 51 |